| 000 | 01354nam0a2200337 4500 | ||
|---|---|---|---|
| 001 | RU\NLR\bibl\335673 | ||
| 005 | 20250621145858.0 | ||
| 021 |
_aRU _b2002-38316 _91873 |
||
| 035 | _a(NLR Aleph) 000330606 | ||
| 090 |
_a154578 _c154578 |
||
| 100 | _a20021025d2001 |||y0rusy50 ca | ||
| 101 | 0 | _arus | |
| 102 | _aRU | ||
| 105 | _ay ||||||||| | ||
| 200 | 1 |
_aСборник упражнений по русскому языку _e(Учеб. пособие для подгот. отд-ния) _fГ. М. Гриценко, Е. Д. Шеватлохова _gАдыгейс. гос. ун-т, Филол. фак., Центр изучения лит. связей и лингвистики |
|
| 210 |
_aМайкоп _cАГУ _d2001 |
||
| 215 |
_a86 с. _d20 |
||
| 606 | 0 |
_aРусский язык _jУчебные издания _91533567 _3RU\NLR\auth\66969347 |
|
| 610 | 0 | _aРусский язык | |
| 675 |
_a811.161.1(075.8) _v3 _zrus |
||
| 686 |
_a16.41 _2rugasnti |
||
| 686 |
_a81.2Рус-923 _2rubbk |
||
| 686 | _aШ141.12-93ады53 | ||
| 700 | 1 |
_aГриценко _bГ. М. _gГалина Михайловна _4070 |
|
| 701 | 1 |
_aШеватлохова _bЕ. Д. _gЕлена Дмитриевна _4070 |
|
| 801 | 0 |
_aRU _bRKP _c20021025 _gPSBO |
|
| 801 | 1 |
_aRU _bRKP _c20021025 |
|
| 801 | 2 |
_aRU _bNLR _c20021211 _grcr |
|
| 942 | _cBOOK | ||
| 980 | _aNB | ||